Регионална библиотека "Любен Каравелов" - Русе

Max Frisch (Запис номер 46943)

MARC детайли
000 -Лидер
Контролно поле с фиксирана дължина 01137nam a2200373 c 4500
003 - Код на организацията, давaща контролен номер
Контролно поле BLK
005 - Дата и час на последна редакция
Контролно поле 20180420221753.0
008 - Елементи от данни с фиксирана дължина
fixed length control field 180408b bul|||||r ||||||| ||bul||
010 ## - Наследен системен номер
LC control number KNG00050751000
020 ## - Международен стандартен номер на книга ISBN
Международен стандартен номер на книга ISBN 3-499-50321-2
-- издат.: Rowohlt
040 ## - Източник на каталожния запис
Идентификатор на билиотеката - собственик на записа BLK
041 ## - Код за език
Код за езика на текст/звукозапис или на отделно заглавие Немски
Код за езика КДБФ Немски
080 ## - УДК
Текстов определител УДК ?Швейцарска литература
УДК код - определител по УДК 830(494)
УДК определител (092)
УДК - код + определител 830(494)(092)
080 ## - УДК
Текстов определител УДК
УДК код - определител по УДК 929 Фриш, Макс
УДК определител
УДК - код + определител 929 Фриш, Макс
100 1# - Редна дума - Автор
Автор Hage, Volker
Авторска отговорност първи автор
R(LIN) 281051
139 ## - Редно поле
Редна дума Hage, Volker
Авторски знак Fris - F 93
245 10 - Сведения за заглавието
Заглавие Max Frisch
Редно поле (дума) Volker Hage.
250 ## - Област на изданието
Сведения за изданието 10. Aufl
257 ## - Страна на издаване
Страна на създаване/издаване Германия
260 ## - Област на издателските данни
-- Hamburg
Име на издателя, разпространителя и проч. Rowohlt
Година на издаване 1995
300 ## - Физическа характеристика
Страници 160 c
Илюстрации и др. с ил.
Размери/Мащаб 19 cm
380 ## - Жанр
Жанр Литературознание
490 1# - СЕРИИ (Колекции)
Име на серия Rororo Bildmonographien
600 14 - Име на лице, използвано като предмет
За него / За нея Фриш, Макс
9 (RLIN) 135048
650 #4 - Допълнително описание по предмет – тема
Основно описание – тема или топоним Писатели, швейцарски
9 (RLIN) 281013
653 ## - Ключова дума – ненормативна
Ключова дума швейцарски писатели
653 ## - Ключова дума – ненормативна
Ключова дума биографии
653 ## - Ключова дума – ненормативна
Ключова дума Макс Фриш
852 ## - Местоположение
Форматна сигнатура Цб 186750
856 4# - Електронен адрес и достъп
Електронен формат pdf - файл
Път до файла /url/
856 4# - Електронен адрес и достъп
Електронен формат pdf - файл
Път до файла /url/
942 ## - АРТИКУЛИ
Вид на библиотечния материал Книги
Скрит в OPAC Не
944 ## - СЪЗДАВАНЕ И РЕДАКЦИЯ на ЗАПИСА
Създаване/Редакция Създаване
Дата на регистрацията/редакция 01.01.1999
Служител, извършил регистрацията/редакцията Валентина_Караджова
944 ## - СЪЗДАВАНЕ И РЕДАКЦИЯ на ЗАПИСА
Създаване/Редакция Редакция
Дата на регистрацията/редакция 04.02.2009
Служител, извършил регистрацията/редакцията
999 ## - СИСТЕМНИ КОНТРОЛНИ НОМЕРА
Koha biblionumber 46943
Koha biblioitemnumber 46943
Наличности
Код за отписване Код за изгубен артикул Източник на класификационната схема Код за повреда Коз за рестрикции Код за отдаване Артикулен № Име на библиотеката - собственик Име на библиотеката, в която се намира в момента Статус (Текущо местоположение) Дата на вписване в системата Местоположение - отдел Цена в лева Инвентарен номер Систематично азбучна сигнатура Баркод Номер на екземпляра Цена в евро Служебна бележка Служебен тип на артикула
  Не е изгубен Universal Decimal Classification Не е повреден без рестрикции заемане за дома 73890 Регионална библиотека "Любен Каравелов" Русе Регионална библиотека "Любен Каравелов" Русе ЧЧЗО - нем. ез. - Гьоте инст. 2002-01-01 ЧЧЗО - нем. ез. - Гьоте инст. 10.00 120000902953 Ч5 830(092)/F93 120000902953 1 5.11 Дост: Da Книги
Vip Innovations Ltd, Rousse, Bulgaria 2025